[Event "DEM U14 2018"]
[Site "Willingen GER"]
[Date "2018.05.23"]
[Round "5"]
[White "Hoffmann, Simon"]
[Black "Pubantz, Jan"]
[Result "1-0"]
[Termination "normal"]
[Board "15"]
[WhiteElo "1760"]
[BlackElo "2107"]
[WhiteClock "00:40:33"]
[BlackClock "00:00:57"]
[PlyCount "65"]
[WhiteFideId "12979686"]
[BlackFideId "12996114"]
[EventCountry "GER"]
[EventRounds "9"]
[EventType "swiss"]
[EventDate "2018.05.19"]

1. e4 {[%clk 1:30:56]} 1... c5 {[%clk 1:30:56]} 2. Nc3 {[%clk 1:31:17]} 2... a6
{[%clk 1:31:16]} 3. g4 {[%clk 1:30:36]} 3... b5 {[%clk 1:25:18]} 4. Bg2 { [%clk
1:30:28]} 4... Bb7 {[%clk 1:25:31]} 5. d3 {[%clk 1:30:34]} 5... e6 { [%clk
1:14:21]} 6. Nh3 {[%clk 1:30:47]} 6... Nc6 {[%clk 1:11:47]} 7. O-O { [%clk
1:30:42]} 7... Nge7 {[%clk 0:55:58]} 8. f4 {[%clk 1:28:54]} 8... Qb6 { [%clk
0:43:06]} 9. Be3 {[%clk 1:26:37]} 9... Nd4 {[%clk 0:38:17]} 10. f5 { [%clk
1:22:34]} 10... Nec6 {[%clk 0:30:08]} 11. Ne2 {[%clk 1:17:16]} 11... Nxe2+
{[%clk 0:25:21]} 12. Qxe2 {[%clk 1:17:38]} 12... Be7 {[%clk 0:25:07]} 13. c3
{[%clk 1:15:49]} 13... Rf8 {[%clk 0:19:59]} 14. Rad1 {[%clk 1:11:37]} 14...
O-O-O {[%clk 0:18:54]} 15. b4 {[%clk 1:08:02]} 15... e5 {[%clk 0:15:41]} 16.
Qf2 {[%clk 0:57:14]} 16... d6 {[%clk 0:16:00]} 17. Ng5 {[%clk 0:54:18]} 17...
h6 {[%clk 0:12:36]} 18. Nf3 {[%clk 0:54:40]} 18... Rd7 {[%clk 0:11:18]} 19. d4
{[%clk 0:53:33]} 19... cxd4 {[%clk 0:08:45]} 20. cxd4 {[%clk 0:53:08]} 20...
Nxb4 {[%clk 0:08:30]} 21. a3 {[%clk 0:50:18]} 21... Nc6 {[%clk 0:06:53]} 22. d5
{[%clk 0:49:10]} 22... Nd4 {[%clk 0:07:10]} 23. Nxd4 {[%clk 0:49:31]} 23...
exd4 {[%clk 0:07:24]} 24. Bxd4 {[%clk 0:49:09]} 24... Qa5 {[%clk 0:07:36]} 25.
Ba7 {[%clk 0:47:01]} 25... Qxa3 {[%clk 0:06:01]} 26. Ra1 {[%clk 0:41:52]} 26...
Qb3 {[%clk 0:05:06]} 27. Qb6 {[%clk 0:41:10]} 27... Bd8 {[%clk 0:01:58]} 28.
Rac1+ {[%clk 0:41:28]} 28... Bc7 {[%clk 0:00:42]} 29. Rf3 {[%clk 0:40:13]}
29... Qa4 {[%clk 0:00:35]} 30. Rfc3 {[%clk 0:40:26]} 30... Kd8 {[%clk 0:00:33]}
31. Rxc7 {[%clk 0:40:31]} 31... Rxc7 {[%clk 0:00:33]} 32. Qxc7+ {[%clk 0:40:33]
} 32... Ke8 {[%clk 0:00:57]} 33. Qxb7 1-0

[Event "DEM U14 2018"]
[Site "Willingen GER"]
[Date "2018.05.23"]
[Round "5"]
[White "Khachatryan, Taron"]
[Black "Fromm, Marius"]
[Result "0-1"]
[Termination "normal"]
[Board "16"]
[WhiteElo "1745"]
[BlackElo "2014"]
[PlyCount "76"]
[WhiteFideId "16216598"]
[BlackFideId "12993190"]
[EventCountry "GER"]
[EventRounds "9"]
[EventType "swiss"]
[EventDate "2018.05.19"]

1. d4 d5 2. Nf3 Nf6 3. c4 c6 4. Nc3 dxc4 5. e3 b5 6. a4 b4 7. Na2 a5 8. Bxc4 e6
9. Qc2 Qb6 10. b3 Nbd7 11. Bb2 Ba6 12. Nc1 Rc8 13. Nd3 Be7 14. Nde5 O-O 15. O-O
Nxe5 16. Nxe5 Rfd8 17. Rad1 Nd7 18. Nxd7 Rxd7 19. Qe2 Bxc4 20. Qxc4 Rcd8 21. e4
Bf6 22. Rd3 Bxd4 23. Bxd4 Rxd4 24. Rfd1 e5 25. h3 c5 26. Rxd4 cxd4 27. Rd3 Qd6
28. Qb5 Qc7 29. Kh2 g6 30. h4 h5 31. Qa6 Rd6 32. Qb5 Rc6 33. g3 Rc3 34. Kg2
Rxd3 35. Qxd3 Qc3 36. Qb5 d3 37. Kf1 Qa1+ 38. Kg2 d2 0-1

[Event "DEM U14 2018"]
[Site "Willingen GER"]
[Date "2018.05.23"]
[Round "5"]
[White "Reimer, Philip"]
[Black "Kirchner, Markus"]
[Result "1-0"]
[Termination "normal"]
[Board "17"]
[WhiteElo "1580"]
[BlackElo "1851"]
[PlyCount "41"]
[WhiteFideId "16235860"]
[BlackFideId "12979163"]
[EventCountry "GER"]
[EventRounds "9"]
[EventType "swiss"]
[EventDate "2018.05.19"]

1. e4 d5 2. exd5 Qxd5 3. Nc3 Qd6 4. d4 Nf6 5. Nf3 Bg4 6. h3 Bh5 7. g4 Bg6 8.
Ne5 Nbd7 9. Nc4 Qe6+ 10. Ne3 c6 11. Bg2 Nb6 12. O-O O-O-O 13. Re1 Qd7 14. Ne2
e6 15. c3 Nfd5 16. a4 a5 17. b4 axb4 18. a5 Nxe3 19. Bxe3 Na8 20. a6 b5 21.
cxb4 1-0

[Event "DEM U14 2018"]
[Site "Willingen GER"]
[Date "2018.05.23"]
[Round "5"]
[White "Morgenstern, Tobias"]
[Black "Hinrichs, Paul"]
[Result "0-1"]
[Termination "normal"]
[Board "18"]
[WhiteElo "1730"]
[BlackElo "1928"]
[PlyCount "44"]
[WhiteFideId "12974390"]
[BlackFideId "12942545"]
[EventCountry "GER"]
[EventRounds "9"]
[EventType "swiss"]
[EventDate "2018.05.19"]

1. e4 e5 2. f4 exf4 3. Bc4 Ne7 4. Nc3 Ng6 5. Nge2 Qh4+ 6. g3 fxg3 7. Nxg3 Bd6
8. Nce2 Bxg3+ 9. Nxg3 d5 10. Bd3 dxe4 11. Bxe4 f5 12. Bd3 O-O 13. O-O f4 14.
Bxg6 hxg6 15. Qf3 Nc6 16. d3 Bh3 17. Ne4 Nd4 18. Qf2 Qg4+ 19. Kh1 Bxf1 20. Qxf1
Nxc2 21. Rb1 Rad8 22. Bd2 Ne3 0-1

[Event "DEM U14 2018"]
[Site "Willingen GER"]
[Date "2018.05.23"]
[Round "5"]
[White "Kotyk, Michael"]
[Black "Jeschke, Jan"]
[Result "0-1"]
[Termination "normal"]
[Board "19"]
[WhiteElo "2064"]
[BlackElo "1356"]
[PlyCount "38"]
[WhiteFideId "16214501"]
[BlackFideId "16225430"]
[EventCountry "GER"]
[EventRounds "9"]
[EventType "swiss"]
[EventDate "2018.05.19"]

1. d4 e6 2. c4 Nf6 3. Nc3 Bb4 4. Qc2 O-O 5. Nf3 b6 6. e4 d5 7. e5 Ne4 8. Bd3 f5
9. exf6 Nxf6 10. O-O Nc6 11. a3 dxc4 12. Bxc4 Nxd4 13. Nxd4 Qxd4 14. Ne2 Qh4
15. axb4 Ng4 16. h3 Rxf2 17. Bf4 Bb7 18. Bxe6+ Kh8 19. Kh1 Qxh3+ 0-1

[Event "DEM U14 2018"]
[Site "Willingen GER"]
[Date "2018.05.23"]
[Round "5"]
[White "Liebold, Aaron"]
[Black "Sperling, Niclas"]
[Result "1-0"]
[Termination "normal"]
[Board "20"]
[WhiteElo "1874"]
[BlackElo "1548"]
[PlyCount "91"]
[WhiteFideId "12997846"]
[BlackFideId "16204000"]
[EventCountry "GER"]
[EventRounds "9"]
[EventType "swiss"]
[EventDate "2018.05.19"]

1. e4 c5 2. Nf3 Nc6 3. d4 cxd4 4. Nxd4 Nf6 5. Nc3 g6 6. Nxc6 bxc6 7. e5 Nh5 8.
Bc4 Ng7 9. Qf3 Ne6 10. Be3 Bg7 11. Qe4 O-O 12. f4 Qc7 13. Bxe6 fxe6 14. O-O-O
Bb7 15. Bc5 Rf7 16. Ne2 Raf8 17. g3 Ba6 18. h4 h5 19. Nd4 Kh7 20. Nf3 Bh6 21.
Ng5+ Bxg5 22. hxg5 Kg7 23. Qd4 Bc8 24. Rd3 a6 25. Qb4 Qd8 26. Bb6 Qe8 27. Bc7
Rh8 28. Rh4 Rf5 29. Qd4 Kf7 30. c4 Kg7 31. Kd2 Rhf8 32. c5 Rh8 33. Ke3 Kf7 34.
Rd1 Kg7 35. Rdh1 Rff8 36. Qd2 Qf7 37. Qh2 Qe8 38. g4 Rh7 39. gxh5 gxh5 40. g6
Rh6 41. Rxh5 Rxh5 42. Qxh5 Qxg6 43. Qh2 Kf7 44. Rg1 Qf5 45. Rg5 Qb1 46. Qh5+
1-0

[Event "DEM U14 2018"]
[Site "Willingen GER"]
[Date "2018.05.23"]
[Round "5"]
[White "Bornholdt, Joa Max"]
[Black "Simukov, Erik"]
[Result "0-1"]
[Termination "normal"]
[Board "21"]
[WhiteElo "1672"]
[BlackElo "1750"]
[PlyCount "122"]
[WhiteFideId "16253477"]
[BlackFideId "12995380"]
[EventCountry "GER"]
[EventRounds "9"]
[EventType "swiss"]
[EventDate "2018.05.19"]

1. d4 d5 2. c4 e6 3. Nc3 Nf6 4. cxd5 exd5 5. Bg5 c6 6. e3 Be7 7. Bd3 O-O 8.
Nge2 Nbd7 9. O-O Re8 10. Qc2 Nf8 11. Rae1 g6 12. f3 Ne6 13. Bh4 b6 14. Bf2 Bb7
15. e4 dxe4 16. Nxe4 Nd5 17. a3 Rc8 18. Rd1 c5 19. Bb5 Rf8 20. Qd2 c4 21. Nc1
a6 22. Ba4 b5 23. Bc2 f5 24. Nc3 Bg5 25. Qe1 Re8 26. Nxd5 Qxd5 27. Qe5 Nf4 28.
Qxd5+ Nxd5 29. h4 Bh6 30. Rfe1 Ne3 31. Bxe3 Rxe3 32. Rxe3 Bxe3+ 33. Kf1 c3 34.
b4 Rd8 35. d5 Bxc1 36. Rxc1 Bxd5 37. Bd1 Rc8 38. Ke2 Kg7 39. Ke3 Kf6 40. Kd3
Bc4+ 41. Kd4 g5 42. hxg5+ Kxg5 43. g3 h5 44. f4+ Kg6 45. Kxc3 Be2+ 46. Kd2 Rxc1
47. Kxc1 Bxd1 48. Kxd1 h4 49. Ke2 Kh5 50. Kf2 Kg4 51. gxh4 Kxh4 52. Ke3 Kg3 53.
Kd4 Kxf4 54. Kc5 Ke5 55. Kb6 f4 56. Kxa6 f3 57. Kxb5 f2 58. a4 f1=Q+ 59. Ka5
Kd6 60. b5 Kc5 61. b6 Qb1 0-1

[Event "DEM U14 2018"]
[Site "Willingen GER"]
[Date "2018.05.23"]
[Round "5"]
[White "Block, Timo"]
[Black "Breitzmann, Sander"]
[Result "1-0"]
[Termination "normal"]
[Board "22"]
[WhiteElo "1769"]
[BlackElo "1858"]
[PlyCount "73"]
[WhiteFideId "16201116"]
[BlackFideId "12987085"]
[EventCountry "GER"]
[EventRounds "9"]
[EventType "swiss"]
[EventDate "2018.05.19"]

1. e4 e5 2. Nf3 Nc6 3. Bc4 Bc5 4. c3 Nf6 5. d4 exd4 6. cxd4 Bb4+ 7. Bd2 Bxd2+
8. Nbxd2 d5 9. exd5 Nxd5 10. Qb3 Nce7 11. O-O O-O 12. Rfe1 c6 13. Rac1 a5 14.
a3 a4 15. Qc2 Bf5 16. Bd3 Bxd3 17. Qxd3 Nf4 18. Qc2 Ned5 19. Ne4 Qd7 20. Ne5
Qf5 21. Qd2 f6 22. Nd3 Rfe8 23. f3 Nxd3 24. Qxd3 Nf4 25. Qd2 Red8 26. g4 Nh3+
27. Kg2 Qf4 28. Kxh3 Qxf3+ 29. Ng3 f5 30. gxf5 Rd6 31. Re4 Rh6+ 32. Rh4 Rxh4+
33. Kxh4 h5 34. Nxh5 Qxf5 35. Rg1 Ra5 36. Rxg7+ Kf8 37. Qb4+ 1-0

[Event "DEM U14 2018"]
[Site "Willingen GER"]
[Date "2018.05.23"]
[Round "5"]
[White "Klaas, Heiko"]
[Black "Silini, Jalel"]
[Result "0-1"]
[Termination "normal"]
[Board "23"]
[WhiteElo "1773"]
[BlackElo "1731"]
[PlyCount "62"]
[WhiteFideId "16215940"]
[BlackFideId "16215397"]
[EventCountry "GER"]
[EventRounds "9"]
[EventType "swiss"]
[EventDate "2018.05.19"]

1. e4 e5 2. Nf3 Nc6 3. Bc4 Bc5 4. d3 Nf6 5. h3 d6 6. c3 Be6 7. Nbd2 Qd7 8. Bxe6
fxe6 9. O-O h6 10. Re1 O-O-O 11. Nc4 g5 12. b4 Bb6 13. a4 a5 14. Nxb6+ cxb6 15.
Qb3 g4 16. hxg4 Nxg4 17. b5 Ne7 18. d4 Ng6 19. Ba3 Rhg8 20. Red1 Qf7 21. Ra2
Nf4 22. Qc4+ Kb8 23. dxe5 Nxg2 24. Bxd6+ Rxd6 25. exd6 Qxf3 26. Qe2 Qh3 27. Qb2
Nf4 28. f3 Ne5+ 29. Kf2 Qxf3+ 30. Ke1 Qe3+ 31. Kf1 Rg1# 0-1

[Event "DEM U14 2018"]
[Site "Willingen GER"]
[Date "2018.05.23"]
[Round "6"]
[White "Krastev, Alexander"]
[Black "Pahl, Erik"]
[Result "1-0"]
[Termination "normal"]
[Board "1"]
[WhiteElo "2230"]
[BlackElo "2053"]
[WhiteClock "00:10:34"]
[BlackClock "00:02:45"]
[PlyCount "79"]
[WhiteFideId "12989983"]
[BlackFideId "16201272"]
[EventCountry "GER"]
[EventRounds "9"]
[EventType "swiss"]
[EventDate "2018.05.19"]

1. e4 {[%clk 1:30:58]} 1... c5 {[%clk 1:30:56]} 2. Nf3 {[%clk 1:30:56]} 2... d6
{[%clk 1:31:20]} 3. Bb5+ {[%clk 1:31:15]} 3... Nd7 {[%clk 1:31:44]} 4. O-O {
[%clk 1:31:38]} 4... a6 {[%clk 1:32:09]} 5. Bd3 {[%clk 1:32:04]} 5... Ngf6 {
[%clk 1:32:32]} 6. c3 {[%clk 1:32:29]} 6... b5 {[%clk 1:32:51]} 7. Bc2 { [%clk
1:32:51]} 7... c4 {[%clk 1:32:39]} 8. Re1 {[%clk 1:31:41]} 8... e6 { [%clk
1:33:01]} 9. a4 {[%clk 1:29:36]} 9... Bb7 {[%clk 1:32:52]} 10. d4 { [%clk
1:28:09]} 10... cxd3 {[%clk 1:32:55]} 11. Bxd3 {[%clk 1:28:31]} 11... bxa4
{[%clk 1:29:15]} 12. Qxa4 {[%clk 1:27:52]} 12... Be7 {[%clk 1:29:03]} 13. e5
{[%clk 1:10:37]} 13... dxe5 {[%clk 1:25:18]} 14. Nxe5 {[%clk 1:10:55]} 14...
O-O {[%clk 1:01:22]} 15. Nxd7 {[%clk 1:00:05]} 15... Qxd7 {[%clk 1:00:34]} 16.
Qxd7 {[%clk 1:00:16]} 16... Nxd7 {[%clk 1:00:59]} 17. Bc2 {[%clk 0:58:52]}
17... Rfd8 {[%clk 0:59:32]} 18. Be3 {[%clk 0:54:18]} 18... Bc5 {[%clk 0:54:21]}
19. Nd2 {[%clk 0:47:40]} 19... Bxe3 {[%clk 0:24:52]} 20. Rxe3 {[%clk 0:47:54]}
20... Nb6 {[%clk 0:25:13]} 21. Re2 {[%clk 0:47:41]} 21... Bc6 {[%clk 0:24:29]}
22. Ne4 {[%clk 0:38:18]} 22... Bb5 {[%clk 0:23:43]} 23. Ree1 {[%clk 0:38:33]}
23... Rac8 {[%clk 0:20:14]} 24. Red1 {[%clk 0:35:12]} 24... Nd5 {[%clk 0:19:31]
} 25. Bd3 {[%clk 0:32:18]} 25... Nxc3 {[%clk 0:15:21]} 26. Nxc3 {[%clk 0:21:23]
} 26... Bxd3 {[%clk 0:15:29]} 27. f3 {[%clk 0:21:42]} 27... Kf8 {[%clk 0:14:23]
} 28. Kf2 {[%clk 0:21:53]} 28... Ke7 {[%clk 0:12:57]} 29. Ke3 {[%clk 0:21:41]}
29... Bc4 {[%clk 0:12:56]} 30. Rxd8 {[%clk 0:21:18]} 30... Rxd8 {[%clk 0:13:06]
} 31. Ra4 {[%clk 0:21:31]} 31... Bf1 {[%clk 0:09:12]} 32. g4 {[%clk 0:17:09]}
32... Rb8 {[%clk 0:06:40]} 33. b4 {[%clk 0:16:38]} 33... Rc8 {[%clk 0:04:31]}
34. Ne2 {[%clk 0:12:09]} 34... Rc2 {[%clk 0:02:34]} 35. Nd4 {[%clk 0:12:33]}
35... Rb2 {[%clk 0:02:41]} 36. Nc6+ {[%clk 0:10:14]} 36... Kd6 {[%clk 0:03:05]}
37. Nd8 {[%clk 0:09:37]} 37... Bb5 {[%clk 0:03:08]} 38. Ra3 {[%clk 0:09:54]}
38... Ke7 {[%clk 0:02:41]} 39. Nb7 {[%clk 0:10:08]} 39... Rxb4 {[%clk 0:02:45]}
40. Nc5 {[%clk 0:10:34]} 1-0

[Event "DEM U14 2018"]
[Site "Willingen GER"]
[Date "2018.05.23"]
[Round "6"]
[White "Köllner, Ruben Gideon"]
[Black "Trifan, Andrei Ioan"]
[Result "1/2-1/2"]
[Termination "normal"]
[Board "2"]
[WhiteElo "2204"]
[BlackElo "2204"]
[WhiteClock "00:03:32"]
[BlackClock "00:07:58"]
[PlyCount "117"]
[WhiteFideId "12993093"]
[BlackFideId "12967068"]
[EventCountry "GER"]
[EventRounds "9"]
[EventType "swiss"]
[EventDate "2018.05.19"]

1. d4 {[%clk 1:30:57]} 1... Nf6 {[%clk 1:30:40]} 2. c4 {[%clk 1:30:41]} 2... g6
{[%clk 1:30:02]} 3. Nc3 {[%clk 1:29:56]} 3... Bg7 {[%clk 1:29:49]} 4. e4 {
[%clk 1:29:42]} 4... d6 {[%clk 1:29:53]} 5. f3 {[%clk 1:16:49]} 5... O-O {
[%clk 1:28:28]} 6. Be3 {[%clk 1:16:40]} 6... e5 {[%clk 1:27:21]} 7. d5 { [%clk
1:16:38]} 7... Nh5 {[%clk 1:24:10]} 8. g4 {[%clk 0:58:05]} 8... Nf4 { [%clk
1:22:30]} 9. Nge2 {[%clk 0:58:27]} 9... f5 {[%clk 1:16:41]} 10. gxf5 { [%clk
0:51:09]} 10... gxf5 {[%clk 1:13:58]} 11. Nxf4 {[%clk 0:41:03]} 11... Qh4+
{[%clk 1:13:36]} 12. Bf2 {[%clk 0:35:59]} 12... Qxf4 {[%clk 1:13:27]} 13. Bd3
{[%clk 0:35:11]} 13... Na6 {[%clk 1:07:51]} 14. Bg3 {[%clk 0:28:36]} 14... Qg5
{[%clk 1:06:01]} 15. Qd2 {[%clk 0:26:19]} 15... Qh5 {[%clk 1:04:14]} 16. Be2
{[%clk 0:22:01]} 16... Bh6 {[%clk 1:01:11]} 17. Qc2 {[%clk 0:19:40]} 17... Be3
{[%clk 0:57:15]} 18. Nd1 {[%clk 0:15:54]} 18... Bd4 {[%clk 0:56:31]} 19. Bf2
{[%clk 0:15:07]} 19... fxe4 {[%clk 0:53:55]} 20. Qxe4 {[%clk 0:09:08]} 20...
Rf4 {[%clk 0:50:03]} 21. Qc2 {[%clk 0:08:54]} 21... Bf5 {[%clk 0:45:35]} 22.
Qd2 {[%clk 0:09:12]} 22... Nc5 {[%clk 0:42:44]} 23. Bxd4 {[%clk 0:05:22]} 23...
Rxd4 {[%clk 0:42:20]} 24. Rg1+ {[%clk 0:04:57]} 24... Kh8 {[%clk 0:40:45] } 25.
Qg5 {[%clk 0:04:50]} 25... Qxg5 {[%clk 0:40:28]} 26. Rxg5 {[%clk 0:05:19] }
26... Bd3 {[%clk 0:40:31]} 27. Rg4 {[%clk 0:02:21]} 27... e4 {[%clk 0:36:41]}
28. fxe4 {[%clk 0:02:32]} 28... Re8 {[%clk 0:35:11]} 29. Bxd3 {[%clk 0:02:13]}
29... Nxd3+ {[%clk 0:34:22]} 30. Ke2 {[%clk 0:02:34]} 30... Ne5 {[%clk 0:33:35]
} 31. Rf4 {[%clk 0:02:58]} 31... Nxc4 {[%clk 0:32:48]} 32. Rc1 {[%clk 0:03:07]}
32... b5 {[%clk 0:27:33]} 33. b3 {[%clk 0:02:32]} 33... Nb6 {[%clk 0:25:51]}
34. Nc3 {[%clk 0:01:34]} 34... b4 {[%clk 0:23:12]} 35. Nb5 {[%clk 0:01:08]}
35... Nxd5 {[%clk 0:22:51]} 36. Nxd4 {[%clk 0:01:04]} 36... Nxf4+ { [%clk
0:23:19]} 37. Ke3 {[%clk 0:00:59]} 37... Nd5+ {[%clk 0:23:20]} 38. Kd3 { [%clk
0:00:55]} 38... Nc3 {[%clk 0:23:16]} 39. Nc6 {[%clk 0:00:53]} 39... Nxe4 {[%clk
0:20:47]} 40. Nxb4 {[%clk 0:00:56]} 40... Nc5+ {[%clk 0:19:43]} 41. Kd2 {[%clk
0:23:22]} 41... Re4 {[%clk 0:46:56]} 42. Rc4 {[%clk 0:19:49]} 42... Rxc4 {[%clk
0:44:54]} 43. bxc4 {[%clk 0:20:18]} 43... Kg7 {[%clk 0:44:32]} 44. Ke3 { [%clk
0:19:20]} 44... Kg6 {[%clk 0:37:35]} 45. Kd4 {[%clk 0:08:34]} 45... Kf5 { [%clk
0:33:24]} 46. Kd5 {[%clk 0:06:37]} 46... Nd7 {[%clk 0:26:23]} 47. Kc6 { [%clk
0:02:33]} 47... Ne5+ {[%clk 0:26:07]} 48. Kd5 {[%clk 0:02:56]} 48... Kg4 {[%clk
0:21:06]} 49. Nc6 {[%clk 0:01:46]} 49... Nd3 {[%clk 0:10:45]} 50. Nxa7 { [%clk
0:01:53]} 50... Nb4+ {[%clk 0:10:48]} 51. Ke4 {[%clk 0:01:42]} 51... Nxa2
{[%clk 0:10:44]} 52. Nb5 {[%clk 0:02:05]} 52... c6 {[%clk 0:09:59]} 53. Nxd6 {
[%clk 0:02:31]} 53... Kh3 {[%clk 0:10:00]} 54. Ne8 {[%clk 0:02:09]} 54... Kxh2
{[%clk 0:09:25]} 55. Nf6 {[%clk 0:02:30]} 55... h6 {[%clk 0:09:29]} 56. Ng4+ {
[%clk 0:02:57]} 56... Kg3 {[%clk 0:09:44]} 57. Nxh6 {[%clk 0:03:14]} 57... Nc3+
{[%clk 0:07:51]} 58. Kd4 {[%clk 0:03:17]} 58... Na4 {[%clk 0:07:58]} 59. Nf5+ {
[%clk 0:03:32]} 1/2-1/2

[Event "DEM U14 2018"]
[Site "Willingen GER"]
[Date "2018.05.23"]
[Round "6"]
[White "Nguyen, Alex Dac-Vuong"]
[Black "Bethke, Richard"]
[Result "1/2-1/2"]
[Termination "normal"]
[Board "3"]
[WhiteElo "2167"]
[BlackElo "2148"]
[WhiteClock "00:45:24"]
[BlackClock "01:06:58"]
[PlyCount "52"]
[WhiteFideId "12984388"]
[BlackFideId "12959243"]
[EventCountry "GER"]
[EventRounds "9"]
[EventType "swiss"]
[EventDate "2018.05.19"]

1. e4 {[%clk 1:30:57]} 1... c5 {[%clk 1:30:55]} 2. Nf3 {[%clk 1:31:22]} 2... d6
{[%clk 1:31:22]} 3. d4 {[%clk 1:31:47]} 3... cxd4 {[%clk 1:31:49]} 4. Nxd4 {
[%clk 1:32:11]} 4... Nf6 {[%clk 1:32:11]} 5. f3 {[%clk 1:32:36]} 5... e5 {
[%clk 1:32:15]} 6. Nb3 {[%clk 1:33:00]} 6... Be7 {[%clk 1:32:40]} 7. c4 { [%clk
1:31:21]} 7... a5 {[%clk 1:33:06]} 8. Be3 {[%clk 1:31:18]} 8... a4 { [%clk
1:33:32]} 9. Nc1 {[%clk 1:30:25]} 9... Qa5+ {[%clk 1:33:42]} 10. Qd2 { [%clk
1:29:35]} 10... Qxd2+ {[%clk 1:33:34]} 11. Kxd2 {[%clk 1:26:37]} 11... Bd8
{[%clk 1:32:51]} 12. Bd3 {[%clk 1:23:55]} 12... Nc6 {[%clk 1:32:28]} 13. Nc3
{[%clk 1:23:37]} 13... Ba5 {[%clk 1:32:40]} 14. N1e2 {[%clk 1:22:22]} 14... Be6
{[%clk 1:29:06]} 15. Rhc1 {[%clk 1:14:55]} 15... Nd7 {[%clk 1:28:47]} 16. b3
{[%clk 1:09:54]} 16... axb3 {[%clk 1:26:48]} 17. axb3 {[%clk 1:10:18]} 17...
Nc5 {[%clk 1:25:48]} 18. Bc2 {[%clk 1:06:33]} 18... Ke7 {[%clk 1:24:36]} 19.
Kd1 {[%clk 1:01:12]} 19... Bxc3 {[%clk 1:23:31]} 20. Nxc3 {[%clk 1:01:31]}
20... Nd4 {[%clk 1:23:57]} 21. Rxa8 {[%clk 0:57:19]} 21... Rxa8 {[%clk 1:24:20]
} 22. Rb1 {[%clk 0:57:46]} 22... h6 {[%clk 1:14:46]} 23. b4 {[%clk 0:51:05]}
23... Nd7 {[%clk 1:12:47]} 24. Bd3 {[%clk 0:48:50]} 24... Ra3 {[%clk 1:11:01]}
25. Kd2 {[%clk 0:46:31]} 25... Nb3+ {[%clk 1:08:36]} 26. Kc2 {[%clk 0:45:24]}
26... Na1+ {[%clk 1:06:58]} 1/2-1/2

[Event "DEM U14 2018"]
[Site "Willingen GER"]
[Date "2018.05.23"]
[Round "6"]
[White "Svane, Frederik"]
[Black "Wu, Leon"]
[Result "1/2-1/2"]
[Termination "normal"]
[Board "4"]
[WhiteElo "2264"]
[BlackElo "2022"]
[WhiteClock "00:01:20"]
[BlackClock "00:06:43"]
[PlyCount "78"]
[WhiteFideId "12923044"]
[BlackFideId "12977438"]
[EventCountry "GER"]
[EventRounds "9"]
[EventType "swiss"]
[EventDate "2018.05.19"]

1. e4 {[%clk 1:30:57]} 1... c5 2. Nf3 {[%clk 1:31:19]} 2... d6 {[%clk 1:30:43]}
3. d4 {[%clk 1:31:44]} 3... cxd4 {[%clk 1:31:06]} 4. Nxd4 {[%clk 1:32:09]} 4...
Nf6 {[%clk 1:30:51]} 5. Nc3 {[%clk 1:32:31]} 5... a6 {[%clk 1:31:08]} 6. Be3 {
[%clk 1:32:54]} 6... e5 {[%clk 1:29:34]} 7. Nf3 {[%clk 1:33:18]} 7... Be7 {
[%clk 1:29:09]} 8. Bc4 {[%clk 1:33:36]} 8... O-O {[%clk 1:28:50]} 9. O-O {
[%clk 1:33:51]} 9... Be6 {[%clk 1:27:56]} 10. Bb3 {[%clk 1:34:05]} 10... Nc6 {
[%clk 1:27:31]} 11. Qe2 {[%clk 1:26:43]} 11... Na5 {[%clk 1:22:58]} 12. Rfd1 {
[%clk 1:26:35]} 12... Nxb3 {[%clk 1:22:44]} 13. axb3 {[%clk 1:26:55]} 13... Qc7
{[%clk 1:21:05]} 14. Bg5 {[%clk 1:26:07]} 14... Rac8 {[%clk 1:17:32]} 15. Bxf6
{[%clk 1:23:50]} 15... Bxf6 {[%clk 1:17:07]} 16. Ne1 {[%clk 1:18:44]} 16... Be7
{[%clk 1:12:03]} 17. Nd5 {[%clk 1:14:44]} 17... Bxd5 {[%clk 1:08:49]} 18. Rxd5
{[%clk 1:14:55]} 18... f5 {[%clk 1:07:23]} 19. c3 {[%clk 0:58:42]} 19... fxe4 {
[%clk 1:02:01]} 20. Nc2 {[%clk 0:57:14]} 20... Rf4 {[%clk 0:56:37]} 21. b4 {
[%clk 0:54:54]} 21... Rcf8 22. Rf1 {[%clk 0:55:02]} 22... Bg5 {[%clk 0:38:41]}
23. Rdd1 {[%clk 0:41:25]} 23... Qb6 {[%clk 0:31:31]} 24. Rde1 {[%clk 0:24:11]}
24... R4f6 {[%clk 0:17:18]} 25. Ne3 {[%clk 0:18:26]} 25... Bxe3 {[%clk 0:17:36]
} 26. Qxe3 {[%clk 0:18:46]} 26... d5 {[%clk 0:17:47]} 27. Qxb6 {[%clk 0:12:39]}
27... Rxb6 {[%clk 0:18:13]} 28. f3 {[%clk 0:12:40]} 28... exf3 {[%clk 0:10:38]}
29. Rxe5 {[%clk 0:12:04]} 29... d4 {[%clk 0:09:27]} 30. Rxf3 {[%clk 0:12:14]}
30... Rxf3 {[%clk 0:09:39]} 31. gxf3 {[%clk 0:12:37]} 31... dxc3 { [%clk
0:09:18]} 32. bxc3 {[%clk 0:13:02]} 32... Rc6 {[%clk 0:09:36]} 33. Re3 { [%clk
0:13:13]} 33... Kf7 {[%clk 0:09:07]} 34. Kf2 {[%clk 0:13:24]} 34... b6 { [%clk
0:08:57]} 35. Kg3 {[%clk 0:04:15]} 35... Re6 {[%clk 0:07:14]} 36. Rd3 { [%clk
0:04:24]} 36... Ke7 {[%clk 0:06:45]} 37. c4 {[%clk 0:01:05]} 37... Rc6 { [%clk
0:06:24]} 38. Rc3 {[%clk 0:01:09]} 38... a5 {[%clk 0:06:24]} 39. bxa5 { [%clk
0:01:20]} 39... bxa5 {[%clk 0:06:43]} 1/2-1/2